Central Library OPAC University of Rajshahi

The Challenges of practising communicative Language teaching at High Schools in Bangladesh / (Record no. 81193)

MARC details
000 -LEADER
fixed length control field 00977nam a22002417a 4500
001 - CONTROL NUMBER
RUCL Control Number 81193
003 - CONTROL NUMBER IDENTIFIER
rucl marc code BD-RjUL
005 - DATE AND TIME OF LATEST TRANSACTION
control field 20230208123026.0
008 - FIXED-LENGTH DATA ELEMENTS--GENERAL INFORMATION
fixed length control field 230208s2018 bg a|||| m||| 00| 0 eng d
035 ## - SYSTEM CONTROL NUMBER
system control number (BD-RjUL)81193
040 ## - CATALOGING SOURCE
Original cataloging agency BD-RjUL
Language of cataloging eng
Transcribing agency BD-RjUL
Modifying agency BD-RjUL
041 ## - LANGUAGE CODE
Language code of Book eng
082 ## - DEWEY DECIMAL CLASSIFICATION NUMBER
DDC Edition number 23
Classification number 418.00715492
Author mark and Year BIC 2018
100 ## - MAIN ENTRY--PERSONAL NAME
Personal name Biswas, Chanchal Kumar
9 (RLIN) 4238
245 10 - TITLE STATEMENT
Title The Challenges of practising communicative Language teaching at High Schools in Bangladesh /
Statement of responsibility, etc By Chanchal, Kumar Biswas ;
Name of Supervisor/Co-Supervisor Supervisor : M. Jahurul, Islam
260 ## - PUBLICATION, DISTRIBUTION, ETC. (IMPRINT)
Place of publication, distribution, etc Rajshahi :
Name of publisher, distributor, etc Institute of Education and Research, University of Rajshahi,
Date of publication, distribution, etc 2018
300 ## - PHYSICAL DESCRIPTION
Pagination xxxvii, 354 leaves :
Other physical details ill, ;
Dimensions 29.cm.
502 ## - DISSERTATION NOTE
Dissertation note Thesis (Ph. D.) -- Institute of Education and Research, University of Rajshahi,
504 ## - BIBLIOGRAPHY, ETC. NOTE
Bibliography, etc References : Leaves 274 - 289
650 ## - SUBJECT ADDED ENTRY--TOPICAL TERM
Topical term or geographic name as entry element Language teaching
Form subdivision Prescriptive linguistics
Geographic subdivision Bangladesh
9 (RLIN) 6904
700 ## - ADDED ENTRY--SUPERVISOR/CO-SUPERVISOR NAME
Personal name Islam, M. Jahurul, Supervisor
9 (RLIN) 1497
942 ## - ADDED ENTRY ELEMENTS (KOHA)
Source of classification or shelving scheme Dewey Decimal Classification
Koha item type Theses
Holdings
Source of classification or shelving scheme Damaged status Not for loan Collection code Permanent Location Current Location Shelving location Date of accession Source of acquisition Total Checkouts Full call number Barcode Date last seen Copy number Thesis
Dewey Decimal Classification   Not For Loan Theses Central Library, University of Rajshahi Central Library, University of Rajshahi Documentation Section 19/12/2021 Controller of Exam. R.U.   THE418.00715492 BIC 2018 D4442 08/02/2023 C-1 Theses